Building the Nigeria private sector capacity an assessment of problems and policy options

Saved in:
Bibliografiske detaljer
Hovedforfatter: ABUMERE, Sylvester I. (Hant)
Format: Bog
Sprog:engelsk
Udgivet: Development Policy Centre 2002
Tags: Tilføj Tag
Ingen Tags, Vær først til at tagge denne postø!

MARC

LEADER 00000nam a22000007a 4500
008 210616b ||||| |||| 00| 0 eng d
020 |a 978-800-367-2 
100 |a ABUMERE, Sylvester I. (Hant) 
245 |a Building the Nigeria private sector capacity  |b an assessment of problems and policy options  |c Sylvester I. Abumere, Ben E. Aigbokhan and Azeez O. Mabawonku.   |e Research Report 38  |g vi, 57p.; ill; 24cm. 
260 |b Development Policy Centre  |c 2002  |h Ibadan  |i 643004   |l HG4028 .C4Ab9  |m Capital investments – Nigeria  |m Informa sector (Economics) – Nigeria.  |m Nigeria – Economic policy.  
500 |a “It includes bibliographical references” 
942 |a lcc  |c BK  |e YUNUSA, A.A.  |f 16/6/21 
952 |0 0  |1 0  |2 lcc  |4 0  |6 HG4028 C4 A B9  |7 0  |9 2622  |a HOL  |b HOL  |c GJ  |d 2021-06-16  |l 0  |o HG4028 .C4Ab9   |p 2021-6470  |r 2021-06-16 00:00:00  |w 2021-06-16  |y BK 
999 |c 1372  |d 1372